000 00666nam a2200241 i 4500
001 88971
003 ES-MaACL
005 20230906180006.0
007 t|
008 050120s2004 sp ||||1| spa d
020 _a84-8447-218-3
080 _a725.822(460)
100 1 _aRimblas, Fernando.
_997242
245 1 0 _aTeatros /
_cFernando Rimblas.
250 _a1ª ed.
260 _aMadrid :
_bRueda J.M.,
_c[2004]
300 _a198 p. :
_bil. col. ;
_c31 cm.
490 1 _aNuestro patrimonio cultural
650 1 4 _aTeatros-
_zEspaña.
_917394
830 0 _aNuestro patrimonio cultural
_9184090
852 _aES-MaACL
_jL-28584
_bR.135097
999 _c88971
_d88971